| 000 | 00605nam a2200121Ia 4500 | ||
|---|---|---|---|
| 008 | 171212s9999 xx 000 0 und d | ||
| 100 | _aParis, Bernard Jay | ||
| 245 |
_cParis, Bernard Jay _aImagined Human Beings _bA Psychological Approach to Character and Conflict in Literature |
||
| 260 |
_bNew York University Press _c1997 |
||
| 650 | _aLanguage & Literature | ||
| 650 | _aLiterature -- Psychological aspects; Psychology in literature; Psychoanalysis and literature; Characters and characteristics in literature; Motivation (Psychology) in literature | ||
| 856 | _uhttp://www.jstor.org/stable/j.ctt9qffv8 | ||
| 999 |
_c351540 _d351540 |
||